Breeding and improvement of farm animals / (Record no. 11112)
[ view plain ]
| 000 -LEADER | |
|---|---|
| fixed length control field | 00513cam a2200193ua 4500 |
| 041 ## - LANGUAGE CODE | |
| Language code of text/sound track or separate title | eng |
| 082 ## - DEWEY DECIMAL CLASSIFICATION NUMBER | |
| Classification number | 636.082 |
| Item number | ART/BR |
| 100 ## - MAIN ENTRY--AUTHOR NAME | |
| Personal name | Arthur Rice, Victor . |
| 245 ## - TITLE STATEMENT | |
| Title | Breeding and improvement of farm animals / |
| 260 ## - PUBLICATION, DISTRIBUTION, ETC. (IMPRINT) | |
| Place of publication | New York : |
| Name of publisher | McGraw Hill Book Company , |
| Year of publication | 1948. |
| 300 ## - PHYSICAL DESCRIPTION | |
| Number of Pages | 537 ; . |
| 700 1# - ADDED ENTRY--PERSONAL NAME | |
| Personal name | Andrews, Frederick. |
| 942 ## - ADDED ENTRY ELEMENTS (KOHA) | |
| Koha item type | Books |
| Withdrawn status | Lost status | Damaged status | Home library | Current library | Date acquired | Full call number | Accession Number | Koha item type |
|---|---|---|---|---|---|---|---|---|
| KAUAET | KAUAET | 07/04/2012 | 636.082 | 3332 | Books | |||
| KAUAET | KAUAET | 07/04/2012 | 636.082 | 529 | Books |
